[Event "XXXII Coppa d'Oro"]
[Site "Villa Guardia ITA"]
[Date "2014.11.01"]
[Round "4"]
[White "Bernocchi, Luca"]
[Black "Aldeghi, Damiano"]
[WhiteElo "1371"]
[BlackElo "1477"]
[Result "1/2-1/2"]
[PlyCount "71"]
[EventDate "2014.10.26"]

1. e4 e5 2. Nf3 Nc6 3. Bb5 d6 4. d3 Bd7 5. c3 a6 6. Ba4 Nf6 7. Nbd2 Be7 8. Nf1
O-O 9. Ng3 Nb8 10. Bb3 Bg4 11. h3 Bxf3 12. Qxf3 Nbd7 13. O-O Nc5 14. Bc2 d5 15.
Qe2 dxe4 16. dxe4 Qd6 17. Be3 Qc6 18. Bd2 Rfd8 19. Rad1 Rd7 20. f4 Bd6 21. f5
Na4 22. Bxa4 Qxa4 23. Bg5 Bc5+ 24. Kh1 Be7 25. b3 Qc6 26. Rd3 Rxd3 27. Qxd3 Rd8
28. Qf3 Qd6 29. Nh5 Qd3 30. Nxf6+ gxf6 31. Bh6 Qxf3 32. Rxf3 Kh8 33. Rf2 b5 34.
a4 bxa4 35. bxa4 Rd3 36. Rf3 1/2-1/2

[Event "XXXII Coppa d'Oro"]
[Site "Villa Guardia ITA"]
[Date "2014.11.01"]
[Round "4"]
[White "D'Aulisa, Francesco"]
[Black "Cairoli, Camillo"]
[WhiteElo "1733"]
[BlackElo "1957"]
[Result "0-1"]
[PlyCount "108"]
[EventDate "2014.10.26"]

1. e4 c5 2. Nf3 d6 3. Bb5+ Nd7 4. O-O e6 5. d4 cxd4 6. Nxd4 Ngf6 7. Re1 a6 8.
Ba4 b5 9. Bb3 Nc5 10. e5 dxe5 11. Rxe5 Qc7 12. Re1 Bd6 13. h3 O-O 14. Be3 Nxb3
15. Nxb3 Bb7 16. N1d2 Rfd8 17. Rc1 Be5 18. c3 Nd5 19. Qe2 Bf4 20. a3 Bxe3 21.
fxe3 Qb6 22. Nd4 g6 23. c4 bxc4 24. Nxc4 Qa7 25. Ne5 Rac8 26. Qf2 Rf8 27. Rxc8
Bxc8 28. Ndc6 Qc7 29. Rc1 Bb7 30. e4 Ne7 31. Nxe7+ Qxe7 32. Qb6 Bxe4 33. Qe3
Qb7 34. Qf2 f6 35. Ng4 f5 36. Ne5 Rd8 37. Qh4 Rd2 38. Nf3 Bxf3 39. gxf3 Qb8 40.
f4 Qb7 41. Qg3 Rxb2 42. Rd1 Qb6+ 43. Kf1 Rb3 44. Qg2 Rb1 45. Qa8+ Kg7 46. Qf3
Rxd1+ 47. Qxd1 Qc6 48. Qd3 Qb5 49. Ke2 Kf6 50. Kd2 Qxd3+ 51. Kxd3 e5 52. fxe5+
Kxe5 53. a4 g5 54. a5 h5 0-1

[Event "XXXII Coppa d'Oro"]
[Site "Villa Guardia ITA"]
[Date "2014.11.01"]
[Round "4"]
[White "Gonella, Daniele"]
[Black "Tahiraj, Almir"]
[WhiteElo "2150"]
[BlackElo "1844"]
[Result "1-0"]
[PlyCount "113"]
[EventDate "2014.10.26"]

1. e4 c6 2. Nc3 d5 3. Nf3 dxe4 4. Nxe4 Nd7 5. Bc4 e6 6. Qe2 Ngf6 7. Neg5 Nd5 8.
O-O Be7 9. d4 O-O 10. Bd3 h6 11. Ne4 N7f6 12. Ne5 Nxe4 13. Qxe4 Nf6 14. Qh4 Nd7
15. Qg3 Bh4 16. Qg4 f5 17. Qh5 Nxe5 18. dxe5 Bg5 19. f4 Be7 20. Be3 Kh7 21.
Rad1 Qc7 22. g4 g6 23. Qh3 b6 24. Be2 Kg7 25. Rd2 Bb7 26. Bc4 Bc8 27. Rg2 b5
28. gxf5 Rxf5 29. Bd3 Qd7 30. Bxf5 exf5 31. Qh5 Qe6 32. Rf3 Kh7 33. Qh3 Bd7 34.
Rfg3 Be8 35. Rd2 Qxa2 36. b3 Bb4 37. Re2 Rd8 38. Kf2 Qa3 39. Rg1 Be7 40. Qg3 a5
41. Bb6 Rd5 42. Qc3 Bh4+ 43. Kg2 Qe7 44. Qxa5 c5 45. Qa7 Rd7 46. Qa8 Bf7 47.
Kh3 g5 48. e6 g4+ 49. Kg2 Bxe6 50. Re5 Qd6 51. Bxc5 Qd2+ 52. Kh1 Bd5+ 53. Rxd5
Rxd5 54. Qf8 Kg6 55. Qe8+ Kg7 56. Bf8+ Kg8 57. Bb4+ 1-0

[Event "XXXII Coppa d'Oro"]
[Site "Villa Guardia ITA"]
[Date "2014.11.01"]
[Round "4"]
[White "Gonella, Graziano"]
[Black "Corti, Filippo"]
[WhiteElo "1163"]
[BlackElo "1609"]
[Result "0-1"]
[PlyCount "34"]
[EventDate "2014.10.26"]

1. e4 g6 2. Nf3 Bg7 3. d4 d6 4. Bc4 c6 5. O-O Nf6 6. e5 Nd5 7. Nc3 Nxc3 8. bxc3
d5 9. Bd3 Bg4 10. h3 Bxf3 11. Qxf3 e6 12. Qg3 Nd7 13. Bg5 Qc7 14. Rfe1 h6 15.
Bf4 g5 16. Bxg5 hxg5 17. Qxg5 Kf8 0-1

[Event "XXXII Coppa d'Oro"]
[Site "Villa Guardia ITA"]
[Date "2014.11.01"]
[Round "4"]
[White "Lapiccirella, Daniele"]
[Black "Raineri, Valerio"]
[WhiteElo "2221"]
[BlackElo "2079"]
[Result "1-0"]
[PlyCount "62"]
[EventDate "2014.10.26"]

1. d4 Nf6 2. c4 g6 3. Nc3 Bg7 4. e4 d6 5. f3 O-O 6. Be3 e5 7. d5 c6 8. Bd3 cxd5
9. cxd5 a6 10. Nge2 Nbd7 11. O-O Ne8 12. g4 Bf6 13. Qd2 Ng7 14. Kh1 b5 15. b4
Nb6 16. a4 Nc4 17. Bxc4 bxc4 18. a5 Bd7 19. Na4 Bxa4 20. Rxa4 Qd7 21. Ra2 Rfc8
22. Nc3 Bd8 23. Na4 Qb5 24. Qc3 Ne8 25. Nb6 Rab8 26. Nxc8 Rxc8 27. Rc1 f5 28.
gxf5 gxf5 29. Rg2+ Kf7 30. Bg5 Nf6 31. Bxf6 Bxf6 1-0

[Event "XXXII Coppa d'Oro"]
[Site "Villa Guardia ITA"]
[Date "2014.11.01"]
[Round "4"]
[White "Mason, Giovanni"]
[Black "Cairoli, Fabio"]
[WhiteElo "1556"]
[BlackElo "1398"]
[Result "0-1"]
[PlyCount "126"]
[EventDate "2014.10.26"]

1. f4 d5 2. e3 Nf6 3. b3 g6 4. Nf3 Bg7 5. Bb2 O-O 6. Bd3 c5 7. O-O Nc6 8. Na3
Bg4 9. Be2 Re8 10. Bb5 Bd7 11. Bxc6 Bxc6 12. Ne5 Qc7 13. Nd3 b6 14. Ne5 Nd7 15.
d4 e6 16. c3 Nf6 17. Nc2 Ne4 18. Ne1 Bb7 19. Rf3 cxd4 20. cxd4 Rac8 21. Rc1 Qe7
22. Rh3 Rc7 23. Rf3 Rec8 24. N1d3 a5 25. Rf1 Ba6 26. Rxc7 Rxc7 27. Qe2 Nc3 28.
Bxc3 Rxc3 29. Qd2 Qc7 30. Rc1 Rxc1+ 31. Qxc1 Qb7 32. Nf2 f6 33. Nf3 Qd7 34. Qc3
Qb5 35. Nd2 Bf8 36. Qc1 Bb4 37. Nb1 a4 38. a3 Bd6 39. b4 e5 40. Ng4 f5 41. Nf6+
Kf7 42. fxe5 Be7 43. Nc3 Qc4 44. Nfxd5 Bg5 45. Nxb6 Bxe3+ 46. Kh1 Bxc1 47. Nxc4
Bxc4 48. Nxa4 Bxa3 49. Nb6 Bb5 50. Nc8 Bxb4 51. d5 Bc4 52. e6+ Ke8 53. Nb6 Bb3
54. Nd7 Be7 55. Nb6 Kd8 56. Nd7 Bxd5 57. Ne5 Bxe6 58. Nc6+ Kd7 59. Nxe7 Kxe7
60. Kg1 h5 61. h4 f4 62. Kf2 Kf6 63. g3 Kf5 0-1

[Event "XXXII Coppa d'Oro"]
[Site "Villa Guardia ITA"]
[Date "2014.11.01"]
[Round "4"]
[White "Paniga, Danilo"]
[Black "Colombo, Luca"]
[WhiteElo "1863"]
[BlackElo "1807"]
[Result "1/2-1/2"]
[PlyCount "113"]
[EventDate "2014.10.26"]

1. Nf3 c5 2. g3 Nc6 3. Bg2 g6 4. O-O Nf6 5. b3 Bg7 6. Bb2 O-O 7. c4 d6 8. d3
Rb8 9. Nbd2 Qc7 10. Ng5 b5 11. Nge4 Nxe4 12. Bxg7 Nxf2 13. Rxf2 Kxg7 14. cxb5
Rxb5 15. Nc4 Be6 16. Qc2 Kg8 17. Raf1 Nd4 18. Qc3 f6 19. Ne3 Qa5 20. Qb2 Qc7
21. Nd5 Bxd5 22. Bxd5+ Kg7 23. e3 Nf5 24. Qc1 Qd7 25. Be4 Nh6 26. Bg2 Nf7 27.
d4 cxd4 28. exd4 Rb6 29. Rc2 Ra6 30. Rc7 Qd8 31. Re1 Re8 32. Re2 e6 33. Qc4 Rb6
34. Rxa7 d5 35. Qc5 Qb8 36. Qc7 Qxc7 37. Rxc7 Reb8 38. Re7 Ra8 39. R2xe6 Rxe6
40. Rxe6 Rxa2 41. Bxd5 Ng5 42. Re7+ Kh6 43. Bg2 Rb2 44. Re3 Nf7 45. h3 Nd6 46.
d5 Nf5 47. Rd3 Nd6 48. Bf3 Kg5 49. h4+ Kf5 50. Re3 Nb5 51. Be4+ Kg4 52. Bd3 Nc3
53. d6 Nd5 54. d7 Nxe3 55. d8=Q Rg2+ 56. Kh1 Kh3 57. Qxf6 1/2-1/2

[Event "XXXII Coppa d'Oro"]
[Site "Villa Guardia ITA"]
[Date "2014.11.01"]
[Round "4"]
[White "Primerano, Carlo"]
[Black "Centofante, Maria Rosa"]
[WhiteElo "1723"]
[BlackElo "1543"]
[Result "1-0"]
[PlyCount "103"]
[EventDate "2014.10.26"]

1. d4 Nf6 2. c4 c6 3. Nc3 d5 4. cxd5 cxd5 5. Nf3 e6 6. Bf4 a6 7. e3 Bd6 8. Bxd6
Qxd6 9. Bd3 Nc6 10. Rc1 Bd7 11. O-O O-O 12. a3 e5 13. dxe5 Nxe5 14. Nxe5 Qxe5
15. Be2 Bc6 16. Bf3 Rad8 17. Qd4 Rfe8 18. Rfd1 Qxd4 19. Rxd4 Ne4 20. Rcd1 Nxc3
21. bxc3 f5 22. Bxd5+ Rxd5 23. Rxd5 Bxd5 24. Rxd5 Rc8 25. Rd3 b5 26. Kf1 Rc4
27. Ke2 Ra4 28. Rd7 Rxa3 29. Rc7 Ra2+ 30. Kf3 Ra4 31. Ra7 h6 32. h3 Kh7 33. g4
fxg4+ 34. hxg4 Kg6 35. e4 Kf6 36. Ke3 g5 37. f4 gxf4+ 38. Kxf4 Kg6 39. Rb7 Rc4
40. Rb6+ Kg7 41. Rxa6 Rxc3 42. Rb6 Rc5 43. e5 Rc4+ 44. Kf5 b4 45. Rb7+ Kg8 46.
e6 Rc5+ 47. Kf6 Rc6 48. Rxb4 Rc7 49. Rb8+ Kh7 50. e7 Rxe7 51. Kxe7 Kg7 52. Rb6
1-0

[Event "XXXII Coppa d'Oro"]
[Site "Villa Guardia ITA"]
[Date "2014.11.01"]
[Round "4"]
[White "Revinelli, Sergio"]
[Black "Seminara, Antonio"]
[WhiteElo "1839"]
[BlackElo "1956"]
[Result "0-1"]
[PlyCount "94"]
[EventDate "2014.10.26"]

1. e4 c5 2. Nf3 Nc6 3. d4 cxd4 4. Nxd4 e5 5. Nb5 a6 6. Nd6+ Bxd6 7. Qxd6 Qf6 8.
Qd1 Qg6 9. Nc3 d5 10. Nxd5 Qxe4+ 11. Be3 Nd4 12. Nc7+ Ke7 13. Rc1 Bg4 14. Qd3
Qxd3 15. Bxd3 Rd8 16. h3 Bh5 17. f4 Kd6 18. c3 Nc6 19. Bb6 exf4 20. c4 Nge7 21.
Nd5 Rde8 22. Nc7 Rc8 23. Nd5 Nxd5 24. cxd5 Nb4 25. Kd2 Nxd3 26. Kxd3 Kxd5 27.
a4 Rhe8 28. a5 Bg6+ 29. Kd2 Be4 30. Rhf1 Rxc1 31. Kxc1 Rc8+ 32. Kd1 g5 33. Rf2
Rc6 34. Rd2+ Ke6 35. Bd4 h5 36. b4 Kf5 37. Bc5 Re6 38. Rf2 Re8 39. Rd2 Re5 40.
Rf2 Rd5+ 41. Ke1 Rd3 42. Ke2 Rb3 43. Ke1 g4 44. hxg4+ hxg4 45. Rd2 Rb1+ 46. Kf2
g3+ 47. Ke2 Bxg2 0-1

[Event "XXXII Coppa d'Oro"]
[Site "Villa Guardia ITA"]
[Date "2014.11.01"]
[Round "4"]
[White "Romano', Ido"]
[Black "Tavasci, Alfio"]
[WhiteElo "1497"]
[BlackElo "1619"]
[Result "1-0"]
[PlyCount "80"]
[EventDate "2014.10.26"]

1. Nf3 Nf6 2. d4 d5 3. Bg5 Ne4 4. Bh4 g6 5. e3 Bg7 6. Bd3 Bg4 7. O-O c5 8. c3
Nc6 9. h3 Bxf3 10. Qxf3 Qb6 11. b3 cxd4 12. cxd4 Nxd4 13. exd4 Bxd4 14. Bxe4
dxe4 15. Qxe4 O-O-O 16. Rc1+ Kb8 17. Nc3 Rd7 18. Rab1 f6 19. Bg3+ e5 20. Ne2
Rhd8 21. Nxd4 Rxd4 22. Qe1 Rd2 23. a4 Ka8 24. Rd1 Rxd1 25. Rxd1 Rxd1 26. Qxd1
a6 27. Kf1 Qa5 28. f3 f5 29. Bf2 e4 30. Qd4 b6 31. Qxb6 Qxb6 32. Bxb6 exf3 33.
gxf3 Kb7 34. a5 Kc6 35. b4 Kb5 36. Bc5 g5 37. Kf2 h5 38. Kg2 Kc4 39. h4 g4 40.
fxg4 fxg4 1-0

[Event "XXXII Coppa d'Oro"]
[Site "Villa Guardia ITA"]
[Date "2014.11.01"]
[Round "4"]
[White "Villa, Martino"]
[Black "Ghezzi, Carlo"]
[WhiteElo "1425"]
[BlackElo "1649"]
[Result "1-0"]
[PlyCount "27"]
[EventDate "2014.10.26"]

1. e4 g6 2. d4 d6 3. Nc3 Bg7 4. Be3 Nf6 5. f3 Bd7 6. Qd2 O-O 7. O-O-O a6 8. Bh6
b5 9. g4 b4 10. Nd5 Nxd5 11. exd5 a5 12. h4 c5 13. h5 g5 14. Qxg5 1-0

[Event "XXXII Coppa d'Oro"]
[Site "Villa Guardia ITA"]
[Date "2014.11.02"]
[Round "5"]
[White "Aldeghi, Damiano"]
[Black "Villa, Martino"]
[WhiteElo "1477"]
[BlackElo "1425"]
[Result "1-0"]
[PlyCount "65"]
[EventDate "2014.10.26"]

1. e4 e5 2. Nf3 Nc6 3. Bc4 Bc5 4. Nc3 Nf6 5. O-O d6 6. h3 O-O 7. d3 a6 8. a3 h6
9. Re1 Bd7 10. Ne2 Nh7 11. Ng3 Qc8 12. Be3 Bxe3 13. Rxe3 Ne7 14. d4 Ng6 15.
dxe5 Nxe5 16. Nxe5 dxe5 17. Qh5 Nf6 18. Qf3 Be6 19. Nf5 Re8 20. Bxe6 Rxe6 21.
Qg3 Ne8 22. Rd1 c6 23. Red3 Qc7 24. Rd7 Qb6 25. b3 Rg6 26. Ne7+ Kh7 27. Nxg6
fxg6 28. Qxe5 c5 29. R1d6 Qa5 30. Rxg6 Qe1+ 31. Kh2 Qxf2 32. Rgxg7+ Nxg7 33.
Qxg7# 1-0

[Event "XXXII Coppa d'Oro"]
[Site "Villa Guardia ITA"]
[Date "2014.11.02"]
[Round "5"]
[White "Cairoli, Camillo"]
[Black "Paniga, Danilo"]
[WhiteElo "1957"]
[BlackElo "1863"]
[Result "1-0"]
[PlyCount "76"]
[EventDate "2014.10.26"]

1. e4 d6 2. d4 Nf6 3. Nc3 c6 4. Be2 e5 5. Be3 Be7 6. Nf3 Nbd7 7. h3 b5 8. Bd3
Bb7 9. a3 Qc7 10. Bg5 a6 11. dxe5 dxe5 12. O-O O-O 13. Re1 Rfe8 14. Bf1 c5 15.
Nd5 Nxd5 16. exd5 f6 17. Bh4 Nb6 18. c4 Nxc4 19. Bxc4 bxc4 20. Rc1 Rad8 21.
Rxc4 Bxd5 22. Rc3 Qb7 23. Qe2 Qb5 24. Qc2 Bxf3 25. Rxf3 Rd4 26. Bg3 Red8 27. b3
Rd3 28. a4 Qb4 29. Rxd3 Qxe1+ 30. Kh2 Ra8 31. Qc4+ Kf8 32. Rd7 Qb4 33. Qe6 Re8
34. f3 Qb8 35. Bf2 Qc8 36. Be3 e4 37. f4 Qb8 38. Bxc5 Qxf4+ 1-0

[Event "XXXII Coppa d'Oro"]
[Site "Villa Guardia ITA"]
[Date "2014.11.02"]
[Round "5"]
[White "Cairoli, Fabio"]
[Black "Romano', Ido"]
[WhiteElo "1398"]
[BlackElo "1497"]
[Result "0-1"]
[PlyCount "84"]
[EventDate "2014.10.26"]

1. e4 e6 2. Nf3 c5 3. d4 cxd4 4. Nxd4 Bc5 5. Nc3 Nc6 6. Nf3 Qb6 7. Qd2 Bb4 8.
a3 Bxc3 9. Qxc3 Nf6 10. Bd3 h6 11. Bf4 O-O 12. O-O Ne7 13. e5 Nfd5 14. Qd2 Nxf4
15. Qxf4 Qxb2 16. Qe4 Ng6 17. Rfb1 Qc3 18. Qe3 b6 19. h4 Qc7 20. h5 Bb7 21.
hxg6 Bxf3 22. Qxf3 fxg6 23. Qe3 g5 24. g3 Qd8 25. Rd1 Qe7 26. Bb5 Rad8 27. Rd2
h5 28. Rad1 Rf7 29. Bc4 g4 30. Be2 Qf8 31. Rf1 Qe7 32. f3 gxf3 33. Rxf3 Rxf3
34. Bxf3 h4 35. Bg4 Rf8 36. Rh2 hxg3 37. Qxg3 Qc5+ 38. Kg2 Qxc2+ 39. Kh3 Qh7+
40. Kg2 Qe4+ 41. Bf3 Qf5 42. Bg4 Qf1# 0-1

[Event "XXXII Coppa d'Oro"]
[Site "Villa Guardia ITA"]
[Date "2014.11.02"]
[Round "5"]
[White "Centofante, Maria Rosa"]
[Black "Mason, Giovanni"]
[WhiteElo "1543"]
[BlackElo "1556"]
[Result "0-1"]
[PlyCount "174"]
[EventDate "2014.10.26"]

1. d4 Nf6 2. Nf3 e6 3. c4 c6 4. Nc3 Bb4 5. Bg5 Qa5 6. Bd2 O-O 7. a3 Bxc3 8.
Bxc3 Qd8 9. Qc2 d5 10. e3 b6 11. Bd3 g6 12. O-O Ba6 13. cxd5 Bxd3 14. Qxd3 cxd5
15. Rfc1 Ne4 16. Be1 Nd7 17. Rc2 Rc8 18. Rac1 Rxc2 19. Rxc2 Qb8 20. h3 a6 21.
b4 Rc8 22. Nd2 Nd6 23. e4 b5 24. exd5 exd5 25. Nb3 Rxc2 26. Qxc2 Nc4 27. Qa2
Qe8 28. Kf1 Nf6 29. Nc5 Qc8 30. Bd2 Nd7 31. Be3 Nxc5 32. bxc5 Qe8 33. Qb3 f6
34. Ke2 g5 35. g4 h6 36. f3 Kg7 37. Kf2 Qe6 38. Qd3 Qd7 39. Bc1 Qc8 40. Qe2 Qd7
41. Qd3 Qc7 42. Kg2 Qd7 43. Kf2 h5 44. gxh5 Qf7 45. Qf5 Qxh5 46. f4 Qg6 47.
Qxg6+ Kxg6 48. fxg5 fxg5 49. Kf3 Kf5 50. c6 Nd6 51. c7 Nc8 52. Bd2 Na7 53. Ba5
Nc8 54. Bb4 Na7 55. Ba5 Nc8 56. Bd2 Nd6 57. Bb4 Nc8 58. Be1 Na7 59. Bg3 Nc8 60.
Be5 a5 61. Bg3 b4 62. axb4 axb4 63. Be1 b3 64. Bc3 Nd6 65. Bb2 Kg6 66. Kg4 Nc8
67. h4 gxh4 68. Kxh4 Kf6 69. Kg4 Ke6 70. Kf4 Kd6 71. Kf5 Nb6 72. Ba1 Kxc7 73.
Bc3 Kc6 74. Kf4 Nc4 75. Kf3 Nb6 76. Ke2 Kb5 77. Kd2 Kc4 78. Ba1 Na4 79. Kc1 Kd3
80. Bb2 Nc3 81. Ba1 Na4 82. Bb2 Nxb2 83. Kxb2 Kxd4 84. Kxb3 Ke3 85. Kc2 d4 86.
Kd1 Kd3 87. Kc1 Ke2 0-1

[Event "XXXII Coppa d'Oro"]
[Site "Villa Guardia ITA"]
[Date "2014.11.02"]
[Round "5"]
[White "Colombo, Luca"]
[Black "Revinelli, Sergio"]
[WhiteElo "1807"]
[BlackElo "1839"]
[Result "1-0"]
[PlyCount "105"]
[EventDate "2014.10.26"]

1. e4 e5 2. Nf3 Nc6 3. Bb5 f5 4. d3 fxe4 5. dxe4 Nf6 6. O-O Bc5 7. Nc3 d6 8.
Bg5 O-O 9. Bc4+ Kh8 10. Nd5 Na5 11. Be2 c6 12. Nxf6 gxf6 13. Bd2 b5 14. b4 Nb7
15. bxc5 Nxc5 16. c4 bxc4 17. Bxc4 Nxe4 18. Bh6 Re8 19. Qa4 Bd7 20. Bf7 Re7 21.
Qxe4 Rxf7 22. Qb4 Bf5 23. Qc4 Rc7 24. Rfd1 d5 25. Qc5 Rac8 26. Nh4 Be6 27. f4
Bg4 28. Rd2 e4 29. f5 Qd7 30. Qd4 Qe7 31. h3 c5 32. Qxd5 Bh5 33. Qd6 e3 34.
Qxe7 Rxe7 35. Rb2 c4 36. g4 c3 37. Re2 Be8 38. Rxe3 Rxe3 39. Bxe3 c2 40. Rc1
Ba4 41. Kf2 Rd8 42. Nf3 a6 43. Nd4 Rc8 44. Ke2 Kg7 45. Ne6+ Kf7 46. Nc5 Bb5+
47. Kd2 Re8 48. Rxc2 Bf1 49. h4 Bh3 50. Ne6 Re7 51. Rc8 Rd7+ 52. Kc3 Bxg4 53.
Rf8+ 1-0

[Event "XXXII Coppa d'Oro"]
[Site "Villa Guardia ITA"]
[Date "2014.11.02"]
[Round "5"]
[White "Corti, Filippo"]
[Black "D'Aulisa, Francesco"]
[WhiteElo "1609"]
[BlackElo "1733"]
[Result "0-1"]
[PlyCount "96"]
[EventDate "2014.10.26"]

1. Nf3 d6 2. g3 b6 3. Bg2 Bb7 4. d3 h6 5. e4 e6 6. O-O Ne7 7. Nc3 Nd7 8. Be3 g5
9. Qe2 Ng6 10. Rad1 Rg8 11. Nd4 e5 12. Nf5 Nf6 13. d4 Qc8 14. Qd2 Qe6 15. d5
Qd7 16. Qe2 a6 17. Bh3 Qd8 18. f4 gxf4 19. Bf2 fxg3 20. Bxg3 Nf4 21. Qf3 Nxh3+
22. Kh1 Ng5 23. Qe3 Nh5 24. Bh4 Qd7 25. Rg1 Nf4 26. Rg3 O-O-O 27. Rdg1 f6 28.
b3 Ng6 29. Qe2 Kb8 30. a4 Ka7 31. Bxg5 hxg5 32. Qe3 Rh8 33. a5 Bh6 34. axb6+
cxb6 35. Na4 Qc7 36. c4 Nh4 37. Nxh6 Rxh6 38. Ra1 Ng6 39. Nc3 Kb8 40. Na4 Rdh8
41. Ra2 Nf4 42. Nxb6 Rh3 43. b4 Rxg3 44. Nd7+ Qxd7 45. Qxg3 Qh3 46. Qxh3 Rxh3
47. c5 Rb3 48. c6 Rb1# 0-1

[Event "XXXII Coppa d'Oro"]
[Site "Villa Guardia ITA"]
[Date "2014.11.02"]
[Round "5"]
[White "Ghezzi, Carlo"]
[Black "Ambrosoli, Nadia Manuela"]
[WhiteElo "1649"]
[BlackElo "1379"]
[Result "1-0"]
[PlyCount "108"]
[EventDate "2014.10.26"]

1. e4 e5 2. Nf3 Nc6 3. Bb5 Nf6 4. d3 d6 5. h3 Be7 6. Nc3 O-O 7. Bxc6 bxc6 8.
O-O h6 9. b3 Bb7 10. Bb2 Nd7 11. Ne2 Bf6 12. Ng3 d5 13. exd5 cxd5 14. Nh5 e4
15. Bxf6 Nxf6 16. Nxf6+ Qxf6 17. dxe4 dxe4 18. Nh2 Rad8 19. Ng4 Qc6 20. Qe2 f5
21. Ne5 Qe6 22. Nc4 Rf6 23. Rad1 Rdf8 24. Na5 Ba8 25. Qc4 f4 26. Qxe6+ Rxe6 27.
Rd7 Re5 28. Nc4 Rc5 29. Rfd1 Bc6 30. Rxc7 Rf6 31. Rxa7 f3 32. g3 Bd5 33. Ne3
Bf7 34. Rd8+ Kh7 35. Rdd7 Kg6 36. c4 h5 37. h4 Rcc6 38. Nd5 Bxd5 39. Rxd5 Rc8
40. Rg5+ Kh6 41. Raxg7 Rd8 42. Rg8 Rxg8 43. Rxg8 Rd6 44. Re8 Rd1+ 45. Kh2 Rd2
46. Rxe4 Rxf2+ 47. Kg1 Rxa2 48. Rf4 Ra1+ 49. Kf2 Ra2+ 50. Kxf3 Rb2 51. Ke4 Rxb3
52. Rf3 Rb8 53. c5 Rb4+ 54. Kd5 Rb8 1-0

[Event "XXXII Coppa d'Oro"]
[Site "Villa Guardia ITA"]
[Date "2014.11.02"]
[Round "5"]
[White "Montoli, Marco"]
[Black "Gonella, Daniele"]
[WhiteElo "1987"]
[BlackElo "2150"]
[Result "1/2-1/2"]
[PlyCount "91"]
[EventDate "2014.10.26"]

1. c4 Nf6 2. g3 g6 3. Bg2 d5 4. cxd5 Nxd5 5. Nc3 Nb6 6. Nf3 Bg7 7. O-O e5 8. d3
O-O 9. Bg5 Qe8 10. Qd2 Nc6 11. Bh6 Be6 12. Bxg7 Kxg7 13. Ng5 Bd7 14. Rac1 f6
15. Nf3 Ne7 16. Ne1 Bc6 17. a4 Nbd5 18. Nxd5 Nxd5 19. Bxd5 Bxd5 20. Rxc7+ Rf7
21. Rxf7+ Kxf7 22. e4 Bc6 23. b3 Rd8 24. Qc3 Qd7 25. f4 exf4 26. Rxf4 Qd4+ 27.
Qxd4 Rxd4 28. e5 Rxf4 29. gxf4 g5 30. fxg5 fxg5 31. Kf2 Kg6 32. h4 a5 33. Nf3
Kf5 34. Kg3 Bd5 35. Nd2 b6 36. Nc4 Bg8 37. Kf3 Bd5+ 38. Kg3 Be6 39. Kf3 Bg8 40.
Ne3+ Kg6 41. Nc4 Kh5 42. Kg3 Be6 43. Nxb6 Bxb3 44. Nc4 Bxa4 45. Nxa5 Bb5 46.
Nc4 1/2-1/2

[Event "XXXII Coppa d'Oro"]
[Site "Villa Guardia ITA"]
[Date "2014.11.02"]
[Round "5"]
[White "Raineri, Valerio"]
[Black "Bellotto, Stefano"]
[WhiteElo "2079"]
[BlackElo "1999"]
[Result "1/2-1/2"]
[PlyCount "28"]
[EventDate "2014.10.26"]

1. e4 d5 2. exd5 Qxd5 3. Nc3 Qd6 4. Bc4 Nf6 5. d3 c6 6. f4 Be6 7. Qe2 Bxc4 8.
dxc4 g6 9. Bd2 Bg7 10. Nf3 O-O 11. O-O e6 12. Ne5 Nbd7 13. Kh1 Rad8 14. Nf3
Rfe8 1/2-1/2

[Event "XXXII Coppa d'Oro"]
[Site "Villa Guardia ITA"]
[Date "2014.11.02"]
[Round "5"]
[White "Seminara, Antonio"]
[Black "Lapiccirella, Daniele"]
[WhiteElo "1956"]
[BlackElo "2221"]
[Result "0-1"]
[PlyCount "86"]
[EventDate "2014.10.26"]

1. d4 d5 2. Bg5 h6 3. Bh4 c6 4. c3 Bf5 5. Qb3 Qb6 6. Nd2 Nd7 7. Bg3 Ngf6 8. f3
e6 9. e3 a5 10. a4 Qa7 11. Ne2 Be7 12. Nc1 O-O 13. Bd3 Bxd3 14. Nxd3 c5 15. Ne5
Nxe5 16. Bxe5 Nd7 17. Bg3 Bg5 18. Qb5 b6 19. f4 Be7 20. Nf3 Nf6 21. Ne5 Ne4 22.
O-O Bd6 23. Qe2 Qc7 24. Qg4 f5 25. Qh3 Rab8 26. Qh5 Bxe5 27. fxe5 b5 28. Qg6
Qf7 29. Qxf7+ Rxf7 30. Ra2 bxa4 31. Rfa1 Rfb7 32. Be1 Rxb2 33. Rxb2 Rxb2 34.
Rxa4 Rb5 35. Kf1 c4 36. Ke2 Rb2+ 37. Kf3 g5 38. Rxa5 g4+ 39. Kf4 Rb1 40. Ra8+
Kf7 41. Ra7+ Kg6 42. Re7 Rxe1 43. Rxe6+ Kf7 0-1

[Event "XXXII Coppa d'Oro"]
[Site "Villa Guardia ITA"]
[Date "2014.11.02"]
[Round "5"]
[White "Tahiraj, Almir"]
[Black "Primerano, Carlo"]
[WhiteElo "1844"]
[BlackElo "1723"]
[Result "1-0"]
[PlyCount "59"]
[EventDate "2014.10.26"]

1. f4 d5 2. Nf3 Nf6 3. e3 Bg4 4. d4 e6 5. Bd3 c5 6. c3 cxd4 7. exd4 Bxf3 8.
Qxf3 Be7 9. O-O O-O 10. f5 Nbd7 11. fxe6 fxe6 12. Qh3 Qb6 13. Re1 e5 14. Bxh7+
Nxh7 15. Qxd7 Qf6 16. Qxd5+ Kh8 17. Be3 Ng5 18. Nd2 Nh3+ 19. gxh3 Qg6+ 20. Kh1
Rf5 21. Qg2 Qh7 22. Rf1 Raf8 23. Rxf5 Rxf5 24. Rf1 Rxf1+ 25. Nxf1 exd4 26. Bxd4
Bf6 27. Bxa7 Qb1 28. a3 Kh7 29. Bg1 b5 30. Ng3 1-0

[Event "XXXII Coppa d'Oro"]
[Site "Villa Guardia ITA"]
[Date "2014.11.02"]
[Round "5"]
[White "Tavasci, Alfio"]
[Black "Gonella, Graziano"]
[WhiteElo "1619"]
[BlackElo "1163"]
[Result "1-0"]
[PlyCount "35"]
[EventDate "2014.10.26"]

1. d4 e5 2. d5 d6 3. c4 Nf6 4. Bg5 Nbd7 5. Nc3 a6 6. e4 Be7 7. Bd3 Nc5 8. Bc2
O-O 9. b4 Ncd7 10. Nge2 b6 11. O-O Bb7 12. Ng3 g6 13. Bh6 Re8 14. h4 Nh5 15.
Nxh5 Bxh4 16. Qg4 Kh8 17. g3 gxh5 18. Qg7# 1-0

[Event "XXXII Coppa d'Oro"]
[Site "Villa Guardia ITA"]
[Date "2014.11.02"]
[Round "6"]
[White "Ambrosoli, Nadia Manuela"]
[Black "Gonella, Graziano"]
[WhiteElo "1379"]
[BlackElo "1163"]
[Result "0-1"]
[PlyCount "104"]
[EventDate "2014.10.26"]

1. d4 d5 2. c4 Nf6 3. Nc3 e6 4. Bg5 c5 5. Nf3 cxd4 6. Nxd4 Be7 7. e3 a6 8. Nf3
O-O 9. Bd3 Nbd7 10. O-O dxc4 11. Bxc4 b5 12. Bb3 Bb7 13. a3 Qb6 14. Bc2 Rad8
15. Qe2 Rfe8 16. e4 h6 17. Be3 Nc5 18. b4 Ng4 19. bxc5 Bxc5 20. Bxc5 Qxc5 21.
Nd1 Rc8 22. Bb3 Kh8 23. h3 Ne5 24. Nb2 Nxf3+ 25. Qxf3 f6 26. Rfd1 Qe5 27. Nd3
Bxe4 28. Nxe5 Bxf3 29. Ng6+ Kh7 30. gxf3 Kxg6 31. Rd6 Rc3 32. Bxe6 Rxf3 33.
Rxa6 Rf4 34. Bd7 Re5 35. Kh2 Rxf2+ 36. Kg3 Rb2 37. Rf1 Rg5+ 38. Kf4 b4 39. Be8+
Kh7 40. Ra7 bxa3 41. Rxa3 Rb4+ 42. Ke3 Re5+ 43. Kd3 Rxe8 44. Kc3 Rbe4 45. Rd1
Re3+ 46. Rd3 Rc8+ 47. Kd2 Rxd3+ 48. Rxd3 Re8 49. Rg3 Re5 50. Kd3 f5 51. h4 Re4
52. h5 Rh4 0-1

[Event "XXXII Coppa d'Oro"]
[Site "Villa Guardia ITA"]
[Date "2014.11.02"]
[Round "6"]
[White "Bellotto, Stefano"]
[Black "Colombo, Luca"]
[WhiteElo "1999"]
[BlackElo "1807"]
[Result "1/2-1/2"]
[PlyCount "23"]
[EventDate "2014.10.26"]

1. c4 e5 2. Nc3 Nc6 3. g3 g6 4. Bg2 Bg7 5. d3 d6 6. e4 Be6 7. Nge2 Qd7 8. Be3
Nge7 9. Qd2 Nd4 10. Bxd4 exd4 11. Nd5 Bxd5 12. cxd5 1/2-1/2

[Event "XXXII Coppa d'Oro"]
[Site "Villa Guardia ITA"]
[Date "2014.11.02"]
[Round "6"]
[White "Bernocchi, Luca"]
[Black "Cairoli, Fabio"]
[WhiteElo "1371"]
[BlackElo "1398"]
[Result "1-0"]
[PlyCount "90"]
[EventDate "2014.10.26"]

1. e4 e5 2. Nf3 Nc6 3. Bb5 Bc5 4. d3 a6 5. Ba4 Nf6 6. c3 d6 7. Nbd2 Bg4 8. h3
Bh5 9. Nf1 O-O 10. Ng3 h6 11. O-O Bg6 12. Be3 b5 13. Bb3 Bxe3 14. fxe3 Na5 15.
Bc2 c5 16. Nh4 Bh7 17. Nhf5 c4 18. d4 exd4 19. exd4 Nc6 20. Qd2 Ne7 21. Nxh6+
Kh8 22. Nhf5 Nxf5 23. exf5 Qd7 24. Qg5 d5 25. Nh5 Nxh5 26. Qxh5 Kg8 27. Qg5 Qd6
28. f6 Bg6 29. Bxg6 fxg6 30. Qxg6 Rxf6 31. Rxf6 Qxf6 32. Qxf6 gxf6 33. Rf1 Kf7
34. g4 Re8 35. Rf2 a5 36. g5 Re1+ 37. Kg2 Re6 38. gxf6 Rxf6 39. Rxf6+ Kxf6 40.
Kf3 b4 41. cxb4 axb4 42. Ke3 Kf5 43. a4 bxa3 44. bxa3 c3 45. Kd3 c2 1-0